banner-ar

ART NOUVEAU: FLORAL DESIGNS / (Record no. 21115)

MARC details
000 -الفاتح
حقل البيانات ثابتة الطول 00506nam a2200205Ia 4500
008 - عناصر البيانات ثابتة الطول - معلومات عامة
حقل البيانات ثابتة الطول 140319s9999 xx 000 0 eng d
040 ## - مصدر الفهرسة
وكالة الفهرسة الأصلية GCL /
وكالة النسخ GCL
082 04 - رقم تصنيف ديوى العشرى
رقم التصنيف 745.4
رقم المادة G A
100 1# - المدخل الرئيسى - إسم شخصى
الإسم الشخصى GRASSET, EUGENE
245 10 - بيان العنوان
العنوان ART NOUVEAU: FLORAL DESIGNS /
بيان المسئوليه,etc GRASSET, EUGENE
260 ## - PUBLICATION, DISTRIBUTION, ETC. (IMPRINT)
تاريخ النشر أو التوزيع 1988
650 04 - المدخل الاضافى بالموضوع-مصطلح موضوعى
مصطلح موضوعي ARTS
650 04 - المدخل الاضافى بالموضوع-مصطلح موضوعى
مصطلح موضوعي DESIGN
650 04 - المدخل الاضافى بالموضوع-مصطلح موضوعى
مصطلح موضوعي DECORATION
650 04 - المدخل الاضافى بالموضوع-مصطلح موضوعى
مصطلح موضوعي ART, FLOWERS
650 04 - المدخل الاضافى بالموضوع-مصطلح موضوعى
مصطلح موضوعي FLOWERS - ART
650 04 - المدخل الاضافى بالموضوع-مصطلح موضوعى
مصطلح موضوعي HANDWORKS
942 ## - عناصر المدخل الإضافي( كوها)
مصدر التصنيف او مخطط الترفيف Dewey Decimal Classification
Koha [default] item type كتاب
260 ## - PUBLICATION, DISTRIBUTION, ETC. (IMPRINT)
-- [S.N] :
-- BRACKEN, BOOKS ،
Holdings
حالة التراجع حالة الفقد حالة تلف ليس للاعارة المكان المؤقت الموقع الحالى تاريخ الاكتساب اجمالي اﻻعارات رقم الطلب الباركود تاريخ اخر مشاهدة تاريخ تفعيل السعر نوع وعاء كوها
        مكتبة القاهرة الكبرى مكتبة القاهرة الكبرى 03/26/2014   745.4\G A 39218 03/26/2014 03/26/2014 كتاب

Powered By

EGPV